5HLuxD.jpg

KING HENRY VIII SENIOR AND PRIMARY SCHOOL LIBRARY OPAC

Cultural traditions in Thailand / (Record no. 1352)

000 -LEADER
fixed length control field 01352cam a2200325 a 4500
001 - CONTROL NUMBER
control field 17350599
003 - CONTROL NUMBER IDENTIFIER
control field OSt
005 - DATE AND TIME OF LATEST TRANSACTION
control field 20221228152200.0
008 - FIXED-LENGTH DATA ELEMENTS--GENERAL INFORMATION
fixed length control field 120615s2013 onca j b 001 0 eng c
010 ## - LIBRARY OF CONGRESS CONTROL NUMBER
LC control number 2012024787
020 ## - INTERNATIONAL STANDARD BOOK NUMBER
International Standard Book Number 9780778775249 (pbk.)
040 ## - CATALOGING SOURCE
Original cataloging agency NIC/DLC
Transcribing agency NIC
Modifying agency DLC
-- KH8
042 ## - AUTHENTICATION CODE
Authentication code pcc
043 ## - GEOGRAPHIC AREA CODE
Geographic area code a-th---
082 00 - DEWEY DECIMAL CLASSIFICATION NUMBER
Classification number 394.269593 ALO
Edition number 23
100 1# - MAIN ENTRY--PERSONAL NAME
Personal name Aloian, Molly.
Relator term author
245 10 - TITLE STATEMENT
Title Cultural traditions in Thailand /
Statement of responsibility, etc. Molly Aloian.
260 ## - PUBLICATION, DISTRIBUTION, ETC.
Place of publication, distribution, etc. St. Catharines, Ont. ;
-- New York :
Name of publisher, distributor, etc. Crabtree Pub. Company,
Date of publication, distribution, etc. c2013.
300 ## - PHYSICAL DESCRIPTION
Extent 32 p. :
Other physical details col. ill. ;
Dimensions 28 cm.
490 0# - SERIES STATEMENT
Series statement Cultural traditions in my world
504 ## - BIBLIOGRAPHY, ETC. NOTE
Bibliography, etc. note Includes an index.
505 0# - FORMATTED CONTENTS NOTE
Formatted contents note About Thailand -- Let's celebrate! -- Magha Puja -- Chakri Day -- Songkran -- Labor Day -- Buddha's Birthday -- Royal Ploughing Ceremony -- Dharma Day -- Khao Phansa -- The Queen's Birthday -- Loy Krathong -- The King's Birthday -- Constitution Day -- Glossary and further reading.
650 #0 - SUBJECT ADDED ENTRY--TOPICAL TERM
Topical term or geographic name entry element Festivals
Geographic subdivision Thailand
Form subdivision Juvenile literature.
651 #0 - SUBJECT ADDED ENTRY--GEOGRAPHIC NAME
Geographic name Holidays
Geographic subdivision Thailand
Form subdivision Juvenile literature.
651 #0 - SUBJECT ADDED ENTRY--GEOGRAPHIC NAME
Geographic name Thailand
General subdivision Social life and customs
Form subdivision Juvenile literature.
830 #0 - SERIES ADDED ENTRY--UNIFORM TITLE
Uniform title Cultural traditions in my world.
906 ## - LOCAL DATA ELEMENT F, LDF (RLIN)
a 7
b cbc
c orignew
d 1
e ecip
f 20
g y-gencatlg
942 ## - ADDED ENTRY ELEMENTS (KOHA)
Source of classification or shelving scheme
Koha item type Books - Non Ficton
Holdings
Withdrawn status Lost status Source of classification or shelving scheme Damaged status Not for loan Collection code Permanent Location Current Location Shelving location Date acquired Total Checkouts Full call number Barcode Date last seen Date last checked out Price effective from Koha item type
          Non-Fiction KH8 Primary School Library KH8 Primary School Library Non Fiction 2022-12-28 19 394.269593 ALO KHPL000003130 2026-02-09 2026-01-29 2022-12-28 Books - Non Ficton

Powered By KH8 IT Dept